| 000 | 00458nam a2200181Ia 4500 | ||
|---|---|---|---|
| 001 | 14617 | ||
| 005 | 20260306164927.0 | ||
| 008 | 260306t2008||||xx |||||||||||||| ||spa|| | ||
| 041 | _aESP | ||
| 082 |
_a515.35 _bN16 |
||
| 100 |
_aNagle, R Kent _eAUT |
||
| 245 | 0 | _aFundamentals of differential equations and boundary value problems | |
| 260 | _c2008 | ||
| 300 |
_a862 páginas : _c24 cm. |
||
| 650 | _aGEN | ||
| 654 | _aCMA | ||
| 942 |
_cLIB _dJUS _fJUS _2ddc _n |
||
| 999 |
_c14617 _d14617 |
||